| 000 | 00558cam a2200193 4500 | ||
|---|---|---|---|
| 003 | OSt | ||
| 005 | 20260511143826.0 | ||
| 008 | 730802s1973 ilu b 001 0 eng | ||
| 020 | _a0252002024 | ||
| 020 | _a0373123 | ||
| 040 | _cIRDP | ||
| 082 | 0 | 0 | _a320.540 917 492 7 DAW |
| 100 | 1 | _aDawn, C. Ernest. | |
| 245 | 1 | 0 |
_aFrom Ottomanism to Arabism: _bessays on the origins of Arab nationalism |
| 260 |
_aUrbana; _bUniversity of Illinois Press, _c1973. |
||
| 300 |
_aix, 212 p. _c24 cm. |
||
| 504 | _aIncludes bibliographical references. | ||
| 942 |
_2ddc _cBOOKS |
||
| 999 |
_c9733 _d9733 |
||